000 01605nam a2200493 i 4500
001 45789
003 KOSZ 005
005 20240405063150.0
008 050308s2005 pl a |000 0 pol
015 _aPB 2005/8802
020 _a8373781269
035 _a991026279829705066
035 _a(PL-WaBN)b17146409-48omnis_nlop
035 _ab17146409
035 _a(OCoLC)830635987
035 _a(PL)b0000001714640
035 _a(EXLNZ-48OMNIS_NETWORK)9910402827605606
040 _aWA N
_cWA N
_dKOSZ 005/HR
041 0 _apol
046 _k2005
080 _a343.37
080 _a343.53:336.717(438)
245 0 0 _aPranie brudnych pieniędzy /
_cpod red. nauk. Jacka Grzywacza.
260 _aWarszawa :
_bSzkoła Główna Handlowa. Oficyna Wydawnicza,
_c2005.
300 _a134 s. :
_bwykr. ;
_c24 cm.
336 _2rdacontent
_aTekst
_btxt
337 _2rdamedia
_aBez urządzenia pośredniczącego
_bn
338 _2rdacarrier
_aWolumin
_bnc
380 _aKsiążki
388 _a2001-
504 _aBibliogr. s. 131-134.
648 7 _a1901-2000
648 _a2001-
648 7 _a1989-2000
650 7 _aPranie pieniędzy
_2DBN
651 _aPolska
658 _aGospodarka, ekonomia, finanse
658 _aPrawo i wymiar sprawiedliwości
700 1 _aGrzywacz, Jacek
_eRedakcja
710 2 _aOficyna Wydawnicza (Szkoła Główna Handlowa ; Warszawa)
_4pbl
856 _uhttp://koha.tu.koszalin.pl/cgi-bin/koha/opac-detail.pl?biblionumber=45789
_yKatalog online BPK
942 _2UKD
_cKS
999 _c45789
_d45789